Central London Commercial Estates Ltd v Kato Kagaku Ltd and another, Axa Equity & Law Assurance Society plc (third party) (Record no. 56794)

MARC details
000 -LEADER
fixed length control field 01602cab a2200301 4500
001 - CONTROL NUMBER
control field ABS59731
008 - FIXED-LENGTH DATA ELEMENTS--GENERAL INFORMATION
fixed length control field 090401t1998 xxu||||| |||| 00| 0 eng d
035 ## - SYSTEM CONTROL NUMBER
System control number (Sirsi) u89737
041 ## - LANGUAGE CODE
Language code of text/sound track or separate title eng
245 ## - TITLE STATEMENT
Title Central London Commercial Estates Ltd v Kato Kagaku Ltd and another, Axa Equity & Law Assurance Society plc (third party)
260 ## - PUBLICATION, DISTRIBUTION, ETC.
Date of publication, distribution, etc. 1998
350 ## - PRICE (NR) (BK AM CF MU VM SE) [OBSOLETE]
Price 0
490 ## - SERIES STATEMENT
Series statement Estates Gazette
Volume/sequential designation [1998] 46 EG 185-190(6)
520 ## - SUMMARY, ETC.
Summary, etc. ChD 51 July 1998. The plaintiff holds the freehold of land which was let to Axa. Both interests were registered titles. The first defendant had been in continuous adverse possession of a courtyard forming part of the land for more than 12 years prior to 20 December 1996, the date Axa surrendered the lease to the plaintiff. In proceedings by the plaintiff to recover possession of the courtyard, orders were made for the hearing of a preliminary issue as to whether, on the surrender by a registered proprietor of a lease to the freeholder, the freeholdeer has a right to immediate possession against the squatter. "Held" the beneficial interest of the squatter was an overriding interest and it now binds the freeholder.
650 ## - SUBJECT ADDED ENTRY--TOPICAL TERM
Topical term or geographic name entry element ADVERSE POSSESSION
650 ## - SUBJECT ADDED ENTRY--TOPICAL TERM
Topical term or geographic name entry element FAIRWEATHER V ST MARYLEBONE PROPERTY CO LTD
650 ## - SUBJECT ADDED ENTRY--TOPICAL TERM
Topical term or geographic name entry element FREEHOLD LAND
650 ## - SUBJECT ADDED ENTRY--TOPICAL TERM
Topical term or geographic name entry element LAND REGISTRATION ACT 1925 S75
650 ## - SUBJECT ADDED ENTRY--TOPICAL TERM
Topical term or geographic name entry element LEASEHOLD LAND
650 ## - SUBJECT ADDED ENTRY--TOPICAL TERM
Topical term or geographic name entry element LIMITATION
650 ## - SUBJECT ADDED ENTRY--TOPICAL TERM
Topical term or geographic name entry element REGISTERED LAND
650 ## - SUBJECT ADDED ENTRY--TOPICAL TERM
Topical term or geographic name entry element SQUATTERS
650 ## - SUBJECT ADDED ENTRY--TOPICAL TERM
Topical term or geographic name entry element STATUTORY TRUST
650 ## - SUBJECT ADDED ENTRY--TOPICAL TERM
Topical term or geographic name entry element TICHBORNE V WEIR
690 ## - LOCAL SUBJECT ADDED ENTRY--TOPICAL TERM (OCLC, RLIN)
Topical term or geographic name as entry element PROPERTY LAW AND PRACTICE-CASE LAW
942 ## - ADDED ENTRY ELEMENTS (KOHA)
Suppress in OPAC 0
948 ## - LOCAL PROCESSING INFORMATION (OCLC); SERIES PART DESIGNATOR (RLIN)
c (OCLC) 17/11/1998
Holdings
Withdrawn status Lost status Source of classification or shelving scheme Damaged status Not for loan Home library Current library Shelving location Date acquired Total Checkouts Full call number Barcode Date last seen Copy number Price effective from Koha item type
    Dewey Decimal Classification     London London Journal article 14/09/1999   ABS59731 89737-1001 06/08/2019 1 06/08/2019 Law report